1857 Khayal Number / (Record no. 522863)

000 -LEADER
fixed length control field 00352nam a22001337a 4500
005 - DATE AND TIME OF LATEST TRANSACTION
control field 20190125102230.0
008 - FIXED-LENGTH DATA ELEMENTS--GENERAL INFORMATION
fixed length control field 190125b ||||| |||| 00| 0 eng d
040 ## - CATALOGING SOURCE
Transcribing agency DLC
082 ## - DEWEY DECIMAL CLASSIFICATION NUMBER
Classification number 954.912
Author Mark NAS
245 ## - TITLE STATEMENT
Title 1857 Khayal Number /
Statement of responsibility, etc. Nasir Kazmi
260 ## - PUBLICATION, DISTRIBUTION, ETC.
Place of publication, distribution, etc. Lahore :
Name of publisher, distributor, etc. Sange-e-Meel Publishers,
Date of publication, distribution, etc. 2007.
300 ## - PHYSICAL DESCRIPTION
Extent 336p. :
Dimensions 25 cm.
942 ## - ADDED ENTRY ELEMENTS (KOHA)
Source of classification or shelving scheme
Koha item type Book
Holdings
Withdrawn status Lost status Source of classification or shelving scheme Damaged status Not for loan Permanent Location Current Location Date acquired Total Checkouts Full call number Barcode Date last seen Date last checked out Price effective from Koha item type
          Central Library (CL) Central Library (CL) 01/25/2019 1 954.912 NAS NIT-9617 06/28/2021 03/01/2020 01/25/2019 Book
© 2023 Central Library, National University of Sciences and Technology. All Rights Reserved.